Reforming and restructuring the united nations / (Record no. 20801)

MARC details
000 -LEADER
fixed length control field 00793nam a2200217 a 4500
005 - DATE AND TIME OF LATEST TRANSACTION
control field 20070323134202.0
008 - FIXED-LENGTH DATA ELEMENTS--GENERAL INFORMATION
fixed length control field 060906s2007 ii b 001 0 eng
010 ## - LCCN (DPL NO)
LC control number ENG-92431
020 ## - INTERNATIONAL STANDARD BOOK NUMBER
International Standard Book Number 8185495963
Terms of availability 500.00
035 ## - SYSTEM CONTROL NUMBER
System control number EN-75964
037 ## - SOURCE OF ACQUISITION
Source of stock number/acquisition DBAD / PUB
040 ## - CATALOGING SOURCE
Original cataloging agency dpl
Language of cataloging English
082 ## - DEWEY DECIMAL CLASSIFICATION NUMBER
Classification number 341.23
245 ## - TITLE STATEMENT
Title Reforming and restructuring the united nations /
Statement of responsibility, etc edited by P.M. Kamath
260 ## - PUBLICATION, DISTRIBUTION, ETC. (IMPRINT)
Place of publication, distribution, etc New Delhi :
Name of publisher, distributor, etc Anamika Publishers & Distributors,
Date of publication, distribution, etc 2007.
300 ## - PHYSICAL DESCRIPTION
Extent 220p.
Dimensions 23 cm (Hb)
610 ## - SUBJECT ADDED ENTRY--CORPORATE NAME
Corporate name or jurisdiction name as entry element United nations.
700 ## - ADDED ENTRY--PERSONAL NAME
Personal name Kamath, P.M.
942 ## - ADDED ENTRY ELEMENTS (KOHA)
Source of classification or shelving scheme Dewey Decimal Classification
Item type English Books
Call number suffix REF
Classification part 341.23
Holdings
Withdrawn status Lost status Source of classification or shelving scheme Damaged status Not for loan Collection code Home library Current library Date acquired Source of acquisition Cost, normal purchase price Total Checkouts Full call number Barcode Date last seen Copy number Cost, replacement price Koha item type
    Dewey Decimal Classification   Not For Loan Non-fiction D.B.Act.Division D.B.Act.Division 09/01/2009 DBAB / PUB 500.00   341.23 REF EN-75964 09/01/2009 1 500.00 English Books

© Delhi Public Library
Hit Counter
free hit counter